000 01339nam a22002057a 4500
008 240126s2024 xxk|||||o|||| 00| 0 eng d
041 _aeng
110 _aRoyal Institution of Chartered Surveyors
245 _aGlobal Commercial Property Monitor
_bQ4 2023
_h[Electronic resource]
260 _aLondon,
_bRoyal Institution of Chartered Surveyors,
_cJanuary 2024
490 _aRICS Global Commercial Property Monitor
_vQ4 2023
520 _aOutlook for CRE remains mixed with MEA and parts of APAC viewed as likely to outperform. RICS Commercial Property Sentiment Index remains negative and little changed from Q3 at a headline level. Modest signs of improvement evident across some of the more mature markets albeit the better readings are still generally tentative. Feedback from MEA continues to strengthen but aggregate APAC sentiment deteriorates.
650 _aCOMMERCIAL PROPERTY
651 _aInternational
690 _96227
_aCommercial property
710 _aRoyal Institution of Chartered Surveyors
856 _uhttps://www.rics.org/content/dam/ricsglobal/documents/market-surveys/global-commercial-property-monitors/rics-gcpm-q4-2023.pdf
_zAvailable on RICS.org
856 _uhttps://www.rics.org/profession-standards/knowledge-and-information-services
_zIf archived please email [email protected]
942 _n0
999 _c121779
_d121779